[Event "Druzynowe Mistrzostwa Polski Juniorow - II Liga"]
[Site "Iwonicz"]
[Date "2016-07-31"]
[Round "3.16"]
[White "Klimkowski, Jan"]
[Black "Oles, Martin"]
[Result "0-1"]
[WhiteTitle "II"]
[BlackTitle "II"]
[WhiteElo "1443"]
[BlackElo "1485"]

1. e4 c5 2. Nf3 d6 3. d4 cxd4 4. Nxd4 Nf6 5. Nc3 a6 6. Be3 e5 7. Nb3 Be6 8. f3
Be7 9. Qd2 Nbd7 10. Nd5 Bxd5 11. exd5 e4 12. f4 Rc8 13. h3 h5 14. Be2 Nb6 15.
Bxb6 Qxb6 16. c4 Nd7 17. g4 hxg4 18. Bxg4 Rxc4 19. Rc1 Bh4+ 20. Ke2 Qf2+ 21. Kd1
Rxc1+ 22. Kxc1 Qxd2+ 23. Nxd2 Nf6 24. Bc8 e3 25. Nf3 Nxd5 26. Bxb7 Nxf4 27. Bxa6
Bf2 28. h4 Ke7 29. Nd4 Ra8 30. Bf1 Rxa2 31. Kb1 Ra8 32. Ne2 Nxe2 33. Bxe2 f5 34.
Bf3 Rd8 35. Kc2 d5 36. h5 Kf6 37. Kd3 Ke5 38. Be2 Rb8 39. Rb1 Rb3+ 40. Kc2 Rb4
41. Kc3 Rb8 42. b4 Rc8+ 43. Kb3 Ke4 44. b5 d4 45. Rd1 f4 46. Ra1 f3 47. Bc4 e2
48. Ra7 Re8 49. Kc2 e1=Q 50. Bd3+ Ke3 0-1

[Event "Druzynowe Mistrzostwa Polski Juniorow - II Liga"]
[Site "Iwonicz"]
[Date "2016-07-31"]
[Round "3.17"]
[White "Kucharska, Honorata"]
[Black "Dwilewicz, Katarzyna"]
[Result "1/2-1/2"]
[WhiteTitle "k"]
[BlackTitle "I++"]
[WhiteElo "1855"]
[BlackElo "1786"]

1. e4 e5 2. Nf3 Nc6 3. Bc4 Nf6 4. d3 Be7 5. Bb3 O-O 6. c3 d6 7. h3 h6 8. Nbd2 Re8
9. Nf1 d5 10. Qe2 Bf8 11. Ng3 dxe4 12. dxe4 Qe7 13. Nh4 Be6 14. Nhf5 Qd7 15. Bc2
Ne7 16. Nxe7+ Bxe7 17. O-O Qc6 18. Qf3 Nh7 19. Nf5 Bg5 20. Qg3 Bxf5 21. exf5 Rad8
22. b4 a6 23. a4 Qc4 24. f6 Nxf6 25. Bxg5 hxg5 26. Qxg5 Qxc3 27. Rfc1 Qd2 28.
Qg3 Qxb4 29. Rab1 Qd2 30. Bf5 Qf4 31. Qxf4 exf4 32. Rxc7 g6 33. Bg4 b5 34. axb5
axb5 35. Bf3 Rd2 36. Rb7 Rc8 37. R7xb5 Rcc2 38. Rf1 Kg7 39. h4 Rb2 40. Ra5 Ra2
41. Re5 Kh6 42. Re7 Kg7 43. Re5 Kh6 44. Re7 Kg7 45. Re5 Kh6 46. Re7 1/2-1/2

[Event "Druzynowe Mistrzostwa Polski Juniorow - II Liga"]
[Site "Iwonicz"]
[Date "2016-07-31"]
[Round "3.18"]
[White "Waligora, Julia"]
[Black "Cieslak, Jessica"]
[Result "0-1"]
[WhiteTitle "I"]
[BlackTitle "II"]
[WhiteElo "1349"]
[BlackElo "1189"]

1. e4 c5 2. Nf3 d6 3. d4 cxd4 4. Nxd4 Nf6 5. Nc3 Nc6 6. Bg5 Qb6 7. Nb3 e6 8. Be2
Be7 9. Bxf6 gxf6 10. f4 Bd7 11. Qd2 Rg8 12. Bh5 Rg7 13. O-O-O O-O-O 14. Rhf1 Rdg8
15. g3 Kb8 16. Qf2 Qc7 17. Nb5 Qb6 18. Qxb6 axb6 19. Nxd6 Bxd6 20. Rxd6 Bc8 21.
Rd2 Re8 22. Nd4 Re7 23. Nb5 e5 24. fxe5 Rxe5 25. Be2 Rxe4 26. Rxf6 Be6 27. Nc3
Re5 28. Rd1 Nb4 29. a3 Na2+ 30. Nxa2 Rxe2 31. Nc3 Rxh2 32. Rg1 Rh3 33. Rf3 h5
34. Ne2 Bg4 35. Nf4 Bxf3 36. Nxh3 f5 37. Kd2 Be4 38. c3 Kc7 39. Ke3 Kc6 40. b3
Rd7 41. Nf4 Rh7 42. Ne2 Rg7 43. Nd4+ Kd5 44. Kf2 Rc7 45. Rc1 Ke5 46. Ke3 Rg7 47.
Kf2 Rc7 48. Ne2 Rh7 49. Nf4 h4 50. Ng6+ Kf6 51. Nxh4 f4 52. Nf3 Rh3 53. Rg1 Bxf3
54. Kxf3 Kf5 55. Kf2 Rxg3 56. Rxg3 fxg3+ 57. Kxg3 Ke4 58. c4 Kd3 59. Kf3 Kc3 60.
b4 Kxc4 61. Ke4 Kb3 62. Kd3 b5 63. Kd4 Kxa3 64. Kc3 Ka4 65. Kc2 Kxb4 66. Kb2 b6
67. Kc2 Ka3 68. Kb1 b4 69. Ka1 b3 70. Kb1 b2 71. Kc2 Ka2 0-1

[Event "Druzynowe Mistrzostwa Polski Juniorow - II Liga"]
[Site "Iwonicz"]
[Date "2016-07-31"]
[Round "3.19"]
[White "Adamczewski, Maciej"]
[Black "Fus, Jakub"]
[Result "1-0"]
[WhiteTitle "I++"]
[BlackTitle "I++"]
[WhiteElo "1979"]
[BlackElo "2025"]

1. d4 e6 2. c4 Nf6 3. Nf3 Bb4+ 4. Bd2 a5 5. Qc2 b6 6. e4 d6 7. Bd3 Nbd7 8. O-O
Bxd2 9. Nbxd2 e5 10. c5 dxc5 11. dxe5 Ng4 12. Bb5 O-O 13. Nc4 Qe7 14. Qc3 Bb7
15. Bxd7 Qxd7 16. h3 Nh6 17. Rad1 Qe7 18. Qe3 Ba6 19. b3 Rad8 20. Qc1 Kh8 21.
Rxd8 Rxd8 22. Rd1 Bb7 23. Rxd8+ Qxd8 24. Ng5 Bc8 25. Qf4 Kg8 26. Ne3 b5 27. Nd5
c6 28. Ne3 Qd4 29. e6 fxe6 30. Qc7 Qd7 31. Qxa5 Nf7 32. Nf3 Kf8 33. Qc3 Qd6 34.
e5 Qe7 35. Qd3 Kg8 36. Nf1 Qa7 37. Qc2 Ba6 38. Ng3 c4 39. bxc4 bxc4 40. Ne4 Qe7
41. Qc3 Bb5 42. Qa5 Qd8 43. Qb4 Qf8 44. Qc3 Qd8 45. Qb4 Qf8 46. Nc5 Nd8 47. Nd4
Nb7 48. Ndxe6 Qe7 49. a4 Nxc5 50. Nxc5 Qxe5 51. axb5 c3 52. Qc4+ Kh8 53. bxc6
h6 54. Nd3 Qe2 55. c7 1-0

[Event "Druzynowe Mistrzostwa Polski Juniorow - II Liga"]
[Site "Iwonicz"]
[Date "2016-07-31"]
[Round "3.20"]
[White "Jarzebowski, Kacper"]
[Black "Janiszewski, Filip"]
[Result "1/2-1/2"]
[WhiteTitle "I+"]
[BlackTitle "I+"]
[WhiteElo "1895"]
[BlackElo "1996"]

1. e4 c5 2. Nf3 d6 3. d4 cxd4 4. Nxd4 Nf6 5. Nc3 a6 6. f3 e6 7. Be3 b5 8. Qd2 Nbd7
9. g4 b4 10. Nce2 Qc7 11. Ng3 Ne5 12. g5 Nfd7 13. Be2 Nc4 14. Bxc4 Qxc4 15. Qe2
Qc7 16. O-O-O Bb7 17. Kb1 Be7 18. Bc1 O-O-O 19. f4 Kb8 20. Rhf1 Bf8 21. h4 d5
22. exd5 exd5 23. Qg4 g6 24. Rfe1 Bd6 25. h5 Nc5 26. Re2 Rhe8 27. hxg6 hxg6 28.
Rxe8 Rxe8 29. Rh1 Ka7 30. Nge2 Re4 31. Rh7 Bc8 32. Qf3 Ne6 33. Be3 Bc5 34. Qf2
Kb8 35. f5 Nxd4 36. Bxd4 Bxd4 37. Nxd4 Rf4 38. Qe1 Rxd4 39. fxg6 Qe7 40. Qg3+
Ka8 41. b3 Rd1+ 42. Kb2 Qe4 43. Rh4 Rg1 44. Qc7 Qxh4 45. Qxc8+ Ka7 46. Qc7+ Ka8
47. Qc8+ Ka7 48. Qc5+ 1/2-1/2

[Event "Druzynowe Mistrzostwa Polski Juniorow - II Liga"]
[Site "Iwonicz"]
[Date "2016-07-31"]
[Round "3.21"]
[White "Skurniak, Szymon"]
[Black "Czernek, Tymon"]
[Result "0-1"]
[WhiteTitle "I"]
[BlackTitle "I"]
[WhiteElo "1603"]
[BlackElo "1867"]

1. e4 c5 2. Nf3 d6 3. d4 cxd4 4. Nxd4 Nf6 5. Nc3 a6 6. Bg5 e6 7. f4 Be7 8. Qf3
h6 9. Bh4 Qc7 10. O-O-O Nbd7 11. Be2 Rg8 12. g4 g5 13. fxg5 Ne5 14. Qg2 hxg5 15.
Bg3 Nexg4 16. Bxg4 Nxg4 17. Bxd6 Bxd6 18. Qxg4 Bxh2 19. Kb1 Bd7 20. Nf3 Be5 21.
Nxe5 Qxe5 22. Rh7 Ke7 23. Rxf7+ Kxf7 24. Rxd7+ Kg6 25. Rxb7 Rab8 26. Re7 Rge8
27. Rxe8 Rxe8 28. a4 Qf4 29. Qe2 g4 30. e5 Rf8 31. Ka2 g3 32. Ne4 Qf3 33. Qxf3
Rxf3 34. Nxg3 Rxg3 35. c4 Kf5 36. b4 Kxe5 37. b5 a5 38. c5 Kd5 39. c6 Kd6 40.
Kb2 e5 41. Kc2 Ra3 42. b6 Kxc6 43. Kd2 Kxb6 44. Ke2 Rxa4 45. Ke3 Kc5 46. Kd3 Kd5
47. Kc3 Ra3+ 48. Kb2 Rh3 49. Kc2 Kd4 50. Kb1 0-1

[Event "Druzynowe Mistrzostwa Polski Juniorow - II Liga"]
[Site "Iwonicz"]
[Date "2016-07-31"]
[Round "3.22"]
[White "Baum, Jonasz"]
[Black "Ochedzan, Tymon"]
[Result "1-0"]
[WhiteTitle "I"]
[BlackTitle "II+"]
[WhiteElo "1826"]
[BlackElo "1636"]

1. e4 c5 2. Nf3 d6 3. d4 cxd4 4. Nxd4 Nf6 5. Nc3 a6 6. h3 e5 7. Nde2 h5 8. Bg5
Be7 9. Bxf6 Bxf6 10. Nd5 Bg5 11. Nec3 g6 12. Bc4 O-O 13. O-O Be6 14. Bb3 Nc6 15.
f4 exf4 16. Nxf4 Bxb3 17. axb3 Kg7 18. Qd5 Qe7 19. Rad1 Rad8 20. Qd3 Qe5 21. Qg3
Nd4 22. Kh1 Kh6 23. Qd3 Bxf4 24. Qxd4 Qxd4 25. Rxd4 Be5 26. Rc4 Rd7 27. Nd5 Kg7
28. c3 Re8 29. b4 Kg8 30. Kg1 Bg7 31. Rf4 Be5 32. Rf6 Re6 33. Rf3 Kg7 34. Kf2
Bf6 35. Ke3 Be5 36. Kd3 g5 37. Rc8 g4 38. Rf5 gxh3 39. gxh3 Rh6 40. Rg5+ Kh7 41.
Kc4 f6 42. Rgg8 Rg6 43. Rh8+ Kg7 44. Rxh5 Rg2 45. Rch8 Kg6 46. R5h6+ Kg5 47. h4+
Kg4 48. Ne3+ Kf3 49. Nxg2 Kxg2 50. Kd5 Kf3 51. R6h7 Rxh7 52. Rxh7 Kg4 53. Rxb7
Kxh4 54. Ra7 Kg4 55. Rxa6 Kf4 56. b5 f5 57. exf5 Kxf5 58. b6 Kf4 59. b7 Ke3 60.
b8=Q Kf4 61. Ra4+ Ke3 62. Qg8 Kd3 63. b4 Bf4 64. b5 Be3 65. Qg3 Kd2 66. Ke4 Bc5
67. Ra2+ Kd1 68. Kd3 Be3 69. Kxe3 d5 70. Qg1# 1-0

[Event "Druzynowe Mistrzostwa Polski Juniorow - II Liga"]
[Site "Iwonicz"]
[Date "2016-07-31"]
[Round "3.23"]
[White "Wawrzyniak, Weronika"]
[Black "Reda, Patrycja"]
[Result "0-1"]
[WhiteTitle "I"]
[BlackTitle "I"]
[WhiteElo "1322"]
[BlackElo "1417"]

1. e4 e5 2. Nf3 Nc6 3. Bb5 a6 4. Ba4 Nf6 5. O-O Be7 6. Re1 b5 7. Bb3 d6 8. h3 O-O
9. c3 Na5 10. Bc2 c5 11. d4 Nc6 12. Be3 Qc7 13. Nh2 cxd4 14. cxd4 exd4 15. Bc1
Nb4 16. Bb3 Qb6 17. a3 Nc6 18. Nd2 Bb7 19. Ndf1 Na5 20. Bc2 Rac8 21. Ng3 Rc7 22.
b3 Rfc8 23. Re2 Nd7 24. Bb2 Bf6 25. Nf3 d3 26. Bxd3 Ne5 27. Nh2 Nxd3 28. Qxd3
Bxb2 29. Rxb2 Rc3 30. Qd1 Rxg3 31. Kh1 Rgc3 32. f3 Qc7 33. Ng4 h5 34. Nf2 Rc2
35. Rxc2 Qxc2 36. Qxc2 Rxc2 37. b4 Rxf2 38. bxa5 d5 39. exd5 Bxd5 40. Rd1 Rxf3
41. Rxd5 Rxa3 42. Rxh5 Rxa5 43. Rc5 g6 44. Kg1 Ra2 45. Kh2 b4 46. Rc8+ Kg7 47.
Rb8 a5 48. Kg3 Rc2 49. Rb5 Ra2 50. h4 Ra3+ 51. Kf4 b3 52. g4 Ra4+ 53. Ke3 Rxg4
54. Rxa5 Rxh4 55. Rb5 Kh6 56. Rb6 Kg5 57. Kd3 Rh3+ 58. Kd2 b2 59. Kc2 Rh2+ 60.
Kb1 f5 61. Rxb2 Rxb2+ 62. Kxb2 Kf4 63. Kc2 Ke3 64. Kd1 Kf2 65. Kd2 g5 66. Kd3
g4 67. Kd4 g3 68. Ke5 g2 69. Kxf5 g1=Q 70. Ke5 Ke3 71. Kd5 Qg4 72. Kc5 Qd4+ 73.
Kc6 Qe5 74. Kb6 Kd4 75. Ka6 Kc5 76. Ka7 Kc6 77. Ka8 Kc7 78. Ka7 Qa5# 0-1

[Event "Druzynowe Mistrzostwa Polski Juniorow - II Liga"]
[Site "Iwonicz"]
[Date "2016-07-31"]
[Round "3.24"]
[White "Tarka, Aleksandra"]
[Black "Barwinska, Ewa"]
[Result "1-0"]
[WhiteTitle "I"]
[BlackTitle "II+"]
[WhiteElo "1449"]
[BlackElo "1239"]

1. d4 Nf6 2. Bg5 e6 3. Nf3 h6 4. Bh4 b6 5. Nbd2 Bb7 6. e3 c5 7. c3 Be7 8. h3 O-O
9. Bd3 d5 10. Ne5 Nbd7 11. O-O Qc7 12. f4 c4 13. Bc2 b5 14. Nxd7 Qxd7 15. Bxf6
Bxf6 16. Qh5 a5 17. g4 Qe7 18. g5 Bxg5 19. fxg5 Qxg5+ 20. Qxg5 hxg5 21. e4 Rad8
22. exd5 Bxd5 23. Be4 f6 24. Bxd5 exd5 25. Rae1 Rfe8 26. Nf3 Kh7 27. Rxe8 Rxe8
28. Re1 Re4 29. Rxe4 dxe4 30. Nd2 f5 31. Kf2 Kg6 32. Ke3 Kf6 33. a3 Ke7 34. Nxe4
fxe4 35. Kxe4 Ke6 36. d5+ Kd6 37. Kd4 g6 38. Ke4 Kd7 39. Ke5 Ke7 40. d6+ Kd7 41.
Kd5 a4 42. Kc5 g4 43. hxg4 g5 44. Kd5 Kd8 45. Kc6 Kc8 46. Kxb5 Kd7 47. Kc5 Kd8
48. Kxc4 Kd7 49. Kd5 Kd8 50. Ke6 Ke8 51. c4 Kd8 52. d7 Kc7 53. Ke7 Kc6 54. d8=Q
Kb7 55. Kd7 Ka6 56. Kc8 Ka7 57. Qa5# 1-0

[Event "Druzynowe Mistrzostwa Polski Juniorow - II Liga"]
[Site "Iwonicz"]
[Date "2016-07-31"]
[Round "3.25"]
[White "Koseski, Damian"]
[Black "Krawiec, Grzegorz"]
[Result "1-0"]
[WhiteTitle "I"]
[BlackTitle "I"]
[WhiteElo "1762"]
[BlackElo "1791"]

1. d4 Nf6 2. c4 e6 3. Nc3 Bb4 4. e3 c5 5. a3 Bxc3+ 6. bxc3 d5 7. Nf3 O-O 8. Bd3
b6 9. O-O Ba6 10. cxd5 Qxd5 11. Bxa6 Nxa6 12. Qe2 Nc7 13. a4 Ne4 14. c4 Qb7 15.
Ba3 Rfd8 16. Qc2 Rac8 17. Rab1 Qa8 18. Rfd1 Ne8 19. Nd2 N8d6 20. Nxe4 Qxe4 21.
Qxe4 Nxe4 22. Rbc1 cxd4 23. exd4 h6 24. f3 Nf6 25. Kf2 Rd7 26. Rd2 Rdc7 27. Rdc2
Nd5 28. g3 a5 29. Ke2 Nb4 30. Bxb4 axb4 31. Kd3 Ra8 32. Ra1 Rca7 33. Rca2 Rd8
34. Rb1 Rad7 35. Rxb4 Rxd4+ 36. Ke3 Rd3+ 37. Ke2 R3d4 38. Rxb6 Rxc4 39. a5 Rdd4
40. Rb3 Ra4 41. Rba3 Rxa3 42. Rxa3 Kf8 43. a6 Rd8 44. a7 Ra8 45. Kd3 Ke7 46. Kc4
Kd6 47. Kb5 1-0

[Event "Druzynowe Mistrzostwa Polski Juniorow - II Liga"]
[Site "Iwonicz"]
[Date "2016-07-31"]
[Round "3.26"]
[White "Karykowska, Anna"]
[Black "Laszczak, Przemyslaw"]
[Result "0-1"]
[WhiteTitle "I++"]
[BlackTitle "I+"]
[WhiteElo "1818"]
[BlackElo "1819"]

1. e4 c6 2. d4 d5 3. exd5 cxd5 4. Bd3 Nc6 5. c3 Qc7 6. Nf3 Bg4 7. h3 Bh5 8. g4
Bg6 9. Bxg6 hxg6 10. Qb3 e6 11. Bg5 Nf6 12. Bxf6 gxf6 13. Nbd2 Bh6 14. O-O-O O-O-O
15. Kb1 Kb8 16. Ne1 e5 17. dxe5 fxe5 18. Ndf3 Na5 19. Qb5 a6 20. Qe2 Bg7 21. Nc2
Nc6 22. h4 Qd7 23. c4 d4 24. Nfe1 Qe7 25. Ng2 e4 26. Qd2 Ne5 27. Qf4 d3 28. Nce3
Qf6 29. Qxf6 Bxf6 30. g5 Bg7 31. Nf4 Nf3 32. h5 Be5 33. Nfd5 Rxh5 34. Rxh5 gxh5
35. Rh1 h4 36. Kc1 Rg8 37. Ng4 Rxg5 38. Nxe5 Nxe5 39. Rxh4 Rg1+ 40. Kd2 Nf3+ 0-1

[Event "Druzynowe Mistrzostwa Polski Juniorow - II Liga"]
[Site "Iwonicz"]
[Date "2016-07-31"]
[Round "3.27"]
[White "Krolak, Kacper"]
[Black "Fiedorek, Michal"]
[Result "0-1"]
[WhiteTitle "III"]
[BlackTitle "I"]
[WhiteElo "1174"]
[BlackElo "1756"]

1. e4 c5 2. c3 d5 3. exd5 Qxd5 4. d4 Bf5 5. Nf3 Nc6 6. Na3 cxd4 7. Nb5 O-O-O 8.
cxd4 e5 9. Be2 exd4 10. Ng5 f6 11. Nf3 d3 12. Nc3 Qe6 13. O-O dxe2 14. Qxe2 Qxe2
15. Nxe2 Bd3 16. Re1 Bb4 17. Bd2 Bxd2 18. Nxd2 Bxe2 19. Rxe2 Nh6 20. Nb3 Rhe8
21. Rc2 Nf5 22. f3 Nfd4 23. Nxd4 Rxd4 24. a3 Kc7 0-1

[Event "Druzynowe Mistrzostwa Polski Juniorow - II Liga"]
[Site "Iwonicz"]
[Date "2016-07-31"]
[Round "3.28"]
[White "Lewandowski, Wiktor"]
[Black "Zaborowski, Maciej"]
[Result "1-0"]
[WhiteTitle "II"]
[BlackTitle "II"]
[WhiteElo "1406"]
[BlackElo "1118"]

1. e4 c5 2. Nf3 e6 3. d4 cxd4 4. Nxd4 a6 5. Nc3 Qc7 6. g3 b5 7. Bg2 Bb7 8. O-O
Bc5 9. Nb3 Bb6 10. Bf4 Qc8 11. a3 Ne7 12. h4 O-O 13. h5 h6 14. Qd2 Kh7 15. Rad1
Rd8 16. Qd3 Kg8 17. Nd4 Bc7 18. Be3 Nbc6 19. Nf3 Ne5 20. Nxe5 Bxe5 21. f4 Bxc3
22. bxc3 Qc7 23. Qd6 Qxd6 24. Rxd6 Nc8 25. Rd3 d5 26. Rfd1 Ne7 27. Bc5 Kf8 28.
exd5 exd5 29. Re1 Rd7 30. Bh3 Rc7 31. Bd6 Rc4 32. Rxe7 Kg8 33. Rxb7 Rd8 34. Bb4
Re4 35. Bf5 Re1+ 36. Kf2 Rc1 37. Rxd5 Re8 38. Re7 Rb8 39. Rdd7 Rh1 40. Rxf7 Rxh5
41. Rxg7+ Kh8 42. Rh7+ Kg8 43. Be6# 1-0

[Event "Druzynowe Mistrzostwa Polski Juniorow - II Liga"]
[Site "Iwonicz"]
[Date "2016-07-31"]
[Round "3.29"]
[White "Parol, Pola"]
[Black "Maciak, Gabriela"]
[Result "1/2-1/2"]
[WhiteTitle "k"]
[BlackTitle "I"]
[WhiteElo "1817"]
[BlackElo "1492"]

1. e4 c5 2. Nf3 e6 3. d4 cxd4 4. Nxd4 Nf6 5. Bd3 Nc6 6. Nxc6 bxc6 7. O-O d5 8.
Nd2 Be7 9. c4 O-O 10. b3 a5 11. Bb2 Bb7 12. Qc2 h6 13. Rfd1 Qb6 14. Rac1 Rfc8
15. c5 Qc7 16. a3 Ba6 17. exd5 Bxd3 18. Qxd3 Nxd5 19. Nf3 Rd8 20. Be5 Qb7 21.
Qc4 Rd7 22. Qa4 f6 23. Bb2 e5 24. Qc4 Bf8 25. Nh4 Rf7 26. Nf5 Qc7 27. Qg4 Kh8
28. Rd3 g5 29. g3 Rh7 30. h4 h5 31. Qe4 g4 32. Ne3 Nxe3 33. fxe3 Rd8 34. Rxd8
Qxd8 35. Qxc6 Rc7 36. Qb6 Bxc5 37. Rxc5 Qd1+ 1/2-1/2

[Event "Druzynowe Mistrzostwa Polski Juniorow - II Liga"]
[Site "Iwonicz"]
[Date "2016-07-31"]
[Round "3.30"]
[White "Lascar, Maria Elena"]
[Black "Zaborowska, Maria"]
[Result "1-0"]
[WhiteTitle "I+"]
[BlackTitle "I"]
[WhiteElo "1475"]
[BlackElo "1215"]

1. e4 c5 2. Nf3 e6 3. d4 cxd4 4. Nxd4 a6 5. Nc3 Qc7 6. g3 Nc6 7. Nxc6 bxc6 8. Bg2
Nf6 9. Be3 d5 10. O-O Be7 11. f4 h5 12. h3 Nd7 13. Qd2 Nb6 14. b3 f6 15. Qf2 Nd7
16. g4 f5 17. gxf5 exf5 18. exd5 Bb7 19. dxc6 Bxc6 20. Nd5 Bxd5 21. Bxd5 Rc8 22.
c4 Bc5 23. Rfe1 Kf8 24. Rad1 Nf6 25. Bxc5+ Qxc5 26. Qxc5+ Rxc5 27. b4 Rc7 28.
Re5 g6 29. Re6 Kg7 30. Rde1 Rb8 31. Re7+ Rxe7 32. Rxe7+ Kh6 33. a3 Rb6 34. Re6
Nxd5 35. cxd5 Rxe6 36. dxe6 Kg7 37. e7 Kf7 38. e8=Q+ Kxe8 39. h4 Kd7 40. a4 Kd6
41. Kf2 Kd5 42. Ke3 Kc4 43. b5 axb5 44. axb5 Kxb5 45. Kd4 Kc6 46. Ke5 Kc5 47.
Kf6 Kd5 48. Kxg6 Ke4 49. Kg5 Kf3 50. Kxf5 Kg3 51. Ke4 1-0

[Event "Druzynowe Mistrzostwa Polski Juniorow - II Liga"]
[Site "Iwonicz"]
[Date "2016-07-31"]
[Round "3.31"]
[White "Pasieka, Marcin"]
[Black "Miasik, Adrian"]
[Result "0-1"]
[WhiteTitle "I"]
[BlackTitle "I"]
[WhiteElo "1768"]
[BlackElo "1950"]

1. e4 e5 2. Nf3 Nc6 3. Bc4 Bc5 4. c3 Qe7 5. O-O Nf6 6. d3 h6 7. b4 Bb6 8. a4 a5
9. b5 Nb8 10. Nbd2 O-O 11. Bb3 d6 12. Nc4 Bc5 13. Be3 Bxe3 14. Nxe3 Be6 15. Nh4
Nbd7 16. Bxe6 Qxe6 17. c4 c6 18. Qf3 Kh7 19. g4 Nc5 20. Ra3 g6 21. Nhg2 Rad8 22.
h4 d5 23. exd5 cxd5 24. g5 d4 25. gxf6 dxe3 26. Nxe3 Nxd3 27. Nd5 e4 28. Qe3 Nb4
29. Qa7 Nxd5 30. cxd5 Qxd5 31. Qxa5 Qd6 32. Qc3 Qf4 33. Qg3 Qxf6 34. a5 Rd5 35.
Rb1 Qf5 36. Rab3 Ra8 37. Qc7 Rd2 38. Rf1 Qd5 39. Re3 Qd7 40. Qc3 Rd3 41. Rxd3
exd3 42. Rb1 Qg4+ 43. Kh1 Qxh4+ 44. Kg1 Qg4+ 45. Kh1 d2 46. f3 Qf5 47. Rd1 Rc8
48. Qxd2 Rc2 0-1

[Event "Druzynowe Mistrzostwa Polski Juniorow - II Liga"]
[Site "Iwonicz"]
[Date "2016-07-31"]
[Round "3.32"]
[White "Ciasnocha, Michal"]
[Black "Kupiecki, Szymon"]
[Result "1/2-1/2"]
[WhiteTitle "II"]
[BlackTitle "II"]
[WhiteElo "1460"]
[BlackElo "1432"]

1. d4 Nf6 2. c4 g6 3. Nc3 Bg7 4. e4 d6 5. Nf3 O-O 6. Be2 Nbd7 7. O-O e5 8. d5 Nc5
9. Nd2 a5 10. Rb1 h5 11. b3 Ng4 12. a3 f5 13. b4 Nxe4 14. Ndxe4 fxe4 15. Nxe4
axb4 16. Bg5 Nf6 17. axb4 Qe8 18. Bxf6 Bxf6 19. Nxf6+ Rxf6 20. Qb3 Rf8 21. Qg3
Qf7 22. Bxh5 Kh7 23. Be2 Qf4 24. Rb3 Ra2 25. Qxf4 Rxf4 26. Re3 Bg4 27. f3 Bf5
28. Rd1 Bd7 29. g3 Rf7 30. Bd3 Bh3 31. Re2 Ra4 32. Re4 Bf5 33. Rh4+ Kg7 34. Bxf5
Rxf5 35. Rf1 1/2-1/2

[Event "Druzynowe Mistrzostwa Polski Juniorow - II Liga"]
[Site "Iwonicz"]
[Date "2016-07-31"]
[Round "3.33"]
[White "Niedbala, Bartlomiej"]
[Black "Babiarz, Arkadiusz"]
[Result "1-0"]
[WhiteTitle "I"]
[BlackTitle "I"]
[WhiteElo "1626"]
[BlackElo "1692"]

1. d4 d5 2. Nf3 e6 3. Bf4 Nf6 4. e3 Nbd7 5. Nbd2 b6 6. Bb5 Bb7 7. Ne5 Qc8 8. Ndf3
c6 9. Bd3 Be7 10. c3 O-O 11. h4 c5 12. h5 Ne4 13. Nxd7 Qxd7 14. Ne5 Qd8 15. Qg4
f5 16. Qh3 cxd4 17. exd4 Bg5 18. g3 Re8 19. f3 Nd6 20. Kd2 Nc4+ 21. Bxc4 dxc4
22. Bxg5 Qxg5+ 23. f4 Qd8 24. Rhg1 Qd5 25. Rae1 Qa5 26. Ra1 Qb5 27. Kc1 Be4 28.
a4 Qa6 29. g4 b5 30. gxf5 exf5 31. Kd2 bxa4 32. Rxg7+ Kxg7 33. Rg1+ Kf8 34. Qg3
Qh6 35. Qg8+ Ke7 36. Qg3 Qa6 37. Qg7+ Kf8 38. Qg3 Rxe5 39. Qg7+ Ree8 40. Qg3 1-0

[Event "Druzynowe Mistrzostwa Polski Juniorow - II Liga"]
[Site "Iwonicz"]
[Date "2016-07-31"]
[Round "3.35"]
[White "Kotula, Magdalena"]
[Black "Luka, Agnieszka"]
[Result "1-0"]
[WhiteTitle "I+"]
[BlackTitle "II"]
[WhiteElo "1567"]
[BlackElo "1307"]

1. e4 d6 2. d4 g6 3. Nc3 Bg7 4. Be3 Nf6 5. f3 O-O 6. Qd2 Nbd7 7. O-O-O e5 8. d5
b6 9. Nge2 a5 10. g4 Nc5 11. Ng3 Ba6 12. h4 Qd7 13. Bh3 Qd8 14. h5 b5 15. hxg6
fxg6 16. g5 Nfd7 17. Qh2 Kf7 18. Be6+ Nxe6 19. dxe6+ Kxe6 20. Qxh7 Kf7 21. Rh6
1-0

[Event "Druzynowe Mistrzostwa Polski Juniorow - II Liga"]
[Site "Iwonicz"]
[Date "2016-07-31"]
[Round "3.36"]
[White "Polak, Sylwia"]
[Black "Hertlein, Irena"]
[Result "0-1"]
[WhiteTitle "II"]
[BlackTitle "I"]
[WhiteElo "1128"]
[BlackElo "1488"]

1. d4 Nf6 2. c4 g6 3. Nc3 Bg7 4. e4 d6 5. f4 O-O 6. Nf3 Re8 7. Bd3 Nbd7 8. O-O
e5 9. fxe5 dxe5 10. d5 c6 11. Rb1 Qb6+ 12. Kh1 Ng4 13. Qe2 Nc5 14. Bc2 cxd5 15.
Nxd5 Qc6 16. b4 Ne6 17. h3 Nf6 18. Nxe5 Nh5 19. Nxc6 Ng3+ 20. Kh2 Nxe2 21. Nce7+
Kf8 22. g3 Rxe7 23. Nxe7 Kxe7 24. a4 Be5 25. Kg2 Nxg3 26. Re1 Nh5 27. h4 Bd7 28.
b5 b6 29. Ba3+ Ke8 30. Bb4 Nhf4+ 31. Kh1 Rc8 32. Bd2 Rxc4 33. Bb3 Rc8 34. Bd5
Rc2 35. Rbd1 Nh3 36. Kg2 Nef4+ 37. Kf3 Nd3 0-1

[Event "Druzynowe Mistrzostwa Polski Juniorow - II Liga"]
[Site "Iwonicz"]
[Date "2016-07-31"]
[Round "3.37"]
[White "Mrozowski, Patryk"]
[Black "Klepek, Witold"]
[Result "1/2-1/2"]
[WhiteTitle "I++"]
[BlackTitle "k"]
[WhiteElo "1901"]
[BlackElo "2139"]

1. e4 e6 2. d4 d5 3. e5 c5 4. c3 Nc6 5. Nf3 Bd7 6. a3 Nge7 7. b4 cxd4 8. cxd4 Nf5
9. Bb2 b5 10. Nc3 a5 11. bxa5 b4 12. axb4 Bxb4 13. Be2 Nxa5 14. O-O O-O 15. Bd3
Bc6 16. Qc2 g6 17. Ne2 Nc4 18. Rxa8 Qxa8 19. Ra1 Qb7 20. Bc3 Be7 21. Rb1 Qd7 22.
Qb3 Rc8 23. Nd2 Na3 24. Ra1 Bb5 25. Bb2 Bc4 26. Bxc4 dxc4 27. Qf3 Nb5 28. Ra8
c3 29. Bxc3 Nxc3 30. Rxc8+ Qxc8 31. Qxc3 Qxc3 32. Nxc3 Nxd4 33. Nce4 Kg7 34. Kf1
g5 35. g4 Kg6 36. Nc4 Bd8 37. Nc5 Nc6 38. Nd3 Bc7 39. Kg2 Nd4 1/2-1/2

[Event "Druzynowe Mistrzostwa Polski Juniorow - II Liga"]
[Site "Iwonicz"]
[Date "2016-07-31"]
[Round "3.38"]
[White "Piela, Dominik"]
[Black "Drabek, Jan"]
[Result "1-0"]
[WhiteTitle "I"]
[BlackTitle "I"]
[WhiteElo "1656"]
[BlackElo "1727"]

1. d4 d5 2. c4 e6 3. cxd5 exd5 4. Nc3 Nf6 5. Bf4 c6 6. e3 Bd6 7. Bxd6 Qxd6 8. Bd3
O-O 9. Qc2 Bg4 10. Nge2 Bh5 11. Nf4 Bg6 12. Nxg6 fxg6 13. h3 Nbd7 14. O-O Kh8
15. b4 b5 16. a4 a6 17. Qb3 Nb6 18. Ra2 g5 19. e4 dxe4 20. Nxe4 Qd5 21. Qxd5 Nfxd5
22. axb5 Nxb4 23. Ra3 axb5 24. Rb3 Nxd3 25. Rxd3 Rf5 26. Rc1 Nd5 27. Rxc6 Nb4
28. Ra3 Raf8 29. Rc5 h6 30. Rb3 Rxc5 31. dxc5 Nc6 32. Rxb5 Re8 33. f3 Re5 34.
Rb2 Kh7 35. Kf2 Nd4 36. Ke3 Rd5 37. Rb1 Rd8 38. Rc1 Nf5+ 39. Ke2 Nd4+ 40. Kf2
Nc6 41. Ke3 Nb4 42. Nd6 Rd7 43. Kd4 Na6 44. Kd5 Rc7 45. Ne4 Nb4+ 46. Kd6 Rc6+
47. Kd7 Ra6 48. c6 Nxc6 49. Rxc6 Ra2 50. g3 Rh2 51. Ke6 Rxh3 52. Kf5 g4 53. Rc7
Rh5+ 54. Kxg4 Re5 55. Nf6+ Kg6 56. f4 Re3 57. Nh5 Kh7 58. Rxg7+ Kh8 59. Ra7 1-0

[Event "Druzynowe Mistrzostwa Polski Juniorow - II Liga"]
[Site "Iwonicz"]
[Date "2016-07-31"]
[Round "3.39"]
[White "Jaszczuk, Mateusz"]
[Black "Kozubek, Krystian"]
[Result "1-0"]
[WhiteTitle "II"]
[BlackTitle "II"]
[WhiteElo "1337"]
[BlackElo "1136"]

1. c4 c5 2. Nc3 Nc6 3. g3 d6 4. Bg2 e5 5. d3 f5 6. Nf3 Nf6 7. O-O Be7 8. a3 h6
9. Rb1 a5 10. Ne1 Be6 11. Nc2 Qd7 12. Nd5 Bxd5 13. cxd5 Na7 14. b4 axb4 15. axb4
b6 16. bxc5 bxc5 17. Ne3 O-O 18. Nc4 Rab8 19. Bb2 Rb7 20. Ba1 Rfb8 21. Qc2 g5
22. Na5 Rb6 23. Nc6 Rxb1 24. Rxb1 Rxb1+ 25. Qxb1 Kg7 26. Qb6 Nc8 27. Qa6 Ne8 28.
Bc3 Nf6 29. Ba5 Kf7 30. Nb8 Qe8 31. Qb7 Kf8 32. Qc7 Kf7 33. e4 f4 34. h3 Kg6 35.
Bf3 h5 36. g4 h4 37. Bd1 Kf7 38. Kg2 Kf8 39. Bb3 Kf7 40. Bc4 Nd7 41. Nxd7 Bd8
42. Qxd8 Qxd8 43. Bxd8 Ke8 44. Bxg5 Kxd7 45. Bxh4 Ke8 46. Kf3 Kf7 47. g5 Nb6 48.
Bb5 Kg7 49. Kg4 Kg6 50. Be8+ Kg7 51. g6 c4 52. dxc4 Nxc4 53. Kf5 Nd2 54. Bf6+
Kg8 55. Bd7 Nxe4 56. Be6+ Kf8 57. g7+ Ke8 58. g8=Q# 1-0

[Event "Druzynowe Mistrzostwa Polski Juniorow - II Liga"]
[Site "Iwonicz"]
[Date "2016-07-31"]
[Round "3.40"]
[White "Gradalski, Olaf"]
[Black "Gazda, Dominik"]
[Result "0-1"]
[WhiteTitle "II"]
[BlackTitle "II"]
[WhiteElo "1144"]
[BlackElo "1223"]

1. e4 c5 2. c3 Nc6 3. d4 cxd4 4. cxd4 g6 5. d5 Nb4 6. a3 Na6 7. Be3 Bg7 8. Bd4
Nf6 9. Nc3 d6 10. Bb5+ Bd7 11. Bxd7+ Qxd7 12. Rc1 O-O 13. Nge2 Qg4 14. Ng3 Qxd1+
15. Rxd1 Rfc8 16. b4 Rc7 17. Nge2 b6 18. O-O Nd7 19. Bxg7 Kxg7 20. Nb5 Rc4 21.
Ned4 Nc7 22. Nxc7 Rxc7 23. Rc1 Rac8 24. Nb3 Rc3 25. Rb1 Ne5 26. Rfc1 Nd3 27. Rd1
Kf6 28. Kf1 Ke5 29. f3 h5 30. g3 g5 31. Ke2 Rc2+ 32. Ke3 Nb2 33. Rd2 Nc4+ 34.
Kd3 Nxd2 35. Nxd2 R8c3+ 36. Ke2 Rxa3 37. Kd1 Raa2 38. Nf1 Rc3 39. Nd2 Rd3 0-1